000 00379nam a22001577a 4500
005 20200524144534.0
008 200524b xxu||||| |||| 00| 0 eng d
041 _aeng
082 _a340
100 _aBARE ACT
_95744
245 _aTHE NATIONAL GREEN TRIBUNAL ACT 2010 (13 - 2010)
260 _aDELHI
_bPROFESSIONAL BOOK
300 _a83;p
650 _aLAW
_95701
942 _cBK
999 _c6509
_d6507